000 01325nam a2200265Ia 4500
999 _c56152
_d56152
001 23253
003 GE_BSU
005 20251118181113.0
008 181216s1968||||ge |||||||||||||| ||geo||
040 _cGE_BSU
041 _ageo
080 _a94(479.22) გ-46
100 _aგვრიტიშვილი, დავით
_916228
245 _aნარკვევები საქართველოს ისტორიიდან. ტ. 3, XVIII ს. /
_cდავით გვრიტიშვილი ; რედ. ჯ. ლომაშვილი ; მხატვ. რ. ზედელაშვილი.
264 _aთბილისი :
_bსაბჭ. საქართველო,
_c1968.
300 _a394 გვ. ;
_c22 სმ.
500 _aსაძიებლ. გვ. : 380-391
541 _h3ლ. 72თ.
653 _aნარკვევები საქართველოს ისტორიიდან. ტ. 3 : XVIII ს.
653 _aსაქართველოს ისტორია
653 _aსაქართველოს ისტორია, XVIII ს.
700 _aლომაშვილი, ჯ.
_eრედაქტორი
_97525
700 _aზედელაშვილი, რ.
_eმხატვარი
_926261
942 _cBK
_2udc